Winning attitudes (Record no. 5061)
[ view plain ]
| 000 -LEADER | |
|---|---|
| fixed length control field | 00348 a2200145 4500 |
| 040 ## - CATALOGING SOURCE | |
| Original cataloging agency | DLC |
| Language of cataloging | DLC |
| 082 ## - DEWEY DECIMAL CLASSIFICATION NUMBER | |
| Classification number | 808 |
| 100 ## - MAIN ENTRY--PERSONAL NAME | |
| Personal name | Aslam Bazmi |
| 245 ## - TITLE STATEMENT | |
| Title | Winning attitudes |
| Statement of responsibility, etc. | Aslam Bazmi |
| 260 ## - PUBLICATION, DISTRIBUTION, ETC. | |
| Place of publication, distribution, etc. | Islamabad , |
| Date of publication, distribution, etc. | 2002. |
| 300 ## - PHYSICAL DESCRIPTION | |
| Extent | 110 p. ; |
| Dimensions | 22 cm. |
| 500 ## - GENERAL NOTE | |
| General note | Includes Index |
| 650 ## - SUBJECT ADDED ENTRY--TOPICAL TERM | |
| Topical term or geographic name entry element | English literature - Essays. |
| 942 ## - ADDED ENTRY ELEMENTS (KOHA) | |
| Koha item type | Book |
| Call number prefix | 808 ASL |
| Source of classification or shelving scheme | |
| Withdrawn status | Lost status | Damaged status | Not for loan | Collection code | Permanent Location | Current Location | Shelving location | Date acquired | Source of acquisition | Cost, normal purchase price | Total Checkouts | Total Renewals | Full call number | Barcode | Checked out | Date last seen | Date last checked out | Price effective from | Koha item type | Source of classification or shelving scheme |
|---|---|---|---|---|---|---|---|---|---|---|---|---|---|---|---|---|---|---|---|---|
| Central Library (CL) | Central Library (CL) | General Stacks | 06/08/2009 | Donation | 0.00 | 6 | 8 | 808 ASL | SEECS009530 | 08/21/2024 | 07/22/2024 | 07/22/2024 | 01/05/2017 | Book | ||||||
| Central Library (CL) | Central Library (CL) | General Stacks | 09/07/2006 | Donation | 0.00 | 3 | 2 | 808 ASL | SEECS007535 | 04/17/2020 | 03/30/2020 | 01/05/2017 | Book | |||||||
| Central Library (CL) | Central Library (CL) | General Stacks | 07/26/2006 | Donation | 0.00 | 5 | 3 | 808 ASL | SEECS007501 | 05/14/2026 | 05/28/2024 | 02/02/2024 | 01/05/2017 | Book | ||||||
| Central Library (CL) | Central Library (CL) | General Stacks | 09/07/2006 | Donation | 0.00 | 3 | 3 | 808 ASL | SEECS007534 | 03/24/2025 | 03/10/2025 | 01/05/2017 | Book | |||||||
| Central Library (CL) | Central Library (CL) | 12/04/2020 | Donation | 2 | 1 | 370.114 BAZ | CL-D-1029 | 10/24/2024 | 07/22/2024 | 12/04/2020 | Book |
